000 00633cam a2200217 4500500
005 20260329004327.0
041 _afre
042 _adc
100 1 0 _aMorel, François
_eauthor
245 0 0 _a“To be or not to be, that is the question”
260 _c2019.
500 _a20
690 _aBrexit
690 _aCitation
690 _aFrançois Morel
690 _aFranglais
690 _aHumour
690 _aShakespeare
786 0 _nPhilosophie magazine | 130 | 6 | 2019-06-01 | p. 66-66 | 1951-1787
856 4 1 _uhttps://shs.cairn.info/magazine-philosophie-magazine-2019-6-page-66?lang=fr&redirect-ssocas=7080
999 _c1832843
_d1832843